PNAU Charting Songs (Billboard Hot Dance) - Statistics

General Stats
  • This quiz has been taken 19 times
    9 since last reset
  • The average score is 2 of 5
Answer Stats
Album Weeks On Peak Artist(s) Song % Correct
Changa 6 Weeks #40 PNAU Go Bang
67%
Hyperbolic 7 Weeks #12 PNAU + Khalid The Hard Way
50%
Non-Album Single 1 Week #48 PNAU & Vlossom Lucky
33%
Hyperbolic 1 Week #36 PNAU, Ozuna & Bebe Rexha Stars
33%
Hyperbolic 2 Weeks #26 PNAU & Troye Sivan You Know What I Need
33%
No matching quizzes found
Score Distribution
Percent of People with Each Score
Percentile by Number Answered
Your Score History
You have not taken this quiz since the last reset